| 000 | 00805nam a22002057a 4500 | ||
|---|---|---|---|
| 999 |
_c19277 _d19277 |
||
| 003 | AR-CdUCM | ||
| 008 | 190517b ||||| |||| 00| 0 spa d | ||
| 040 |
_aMUNICIPALIDAD PROVINCIAL DEL CUSCO _cBIBLIOTECA MUNICIPAL DEL CUSCO |
||
| 082 |
_23ed. _a372.4 / _bN29 |
||
| 100 |
_aNavarro Paiva, Victor _940528 |
||
| 245 |
_aLos intereses del niño : _bsu proyección a la metodología / |
||
| 260 |
_aSevilla : _bBiblioteca nueva, _c1966. |
||
| 300 |
_a185 páginas ; _c22 cm. |
||
| 505 | _aContenido: Periodos sensitivos -- Estimulo funcional -- Los intereses del niño y los periodos sensitivos -- Periodo sensitivo, interés y precocidad... | ||
| 650 |
_aEducación de los niños _940529 |
||
| 650 |
_aEnseñanza _91616 |
||
| 650 |
_aAprendizaje _92143 |
||
| 942 |
_2ddc _cLIBROS |
||
| 945 |
_aacv _d2019-05-17 |
||